Золоте ябко (Запис № 17372)

000 -Маркер запису
Контрольне поле сталої довжини 01427nam a22002537a 4500
003 - Належність контрольного номера
Контрольне поле Uzh_bibl
008 - Кодовані дані
Контрольне поле сталої довжини 260417b |||||||| |||| 00| 0 ukr d
020 ## - Індекс ISBN
ISBN 966-500-106-Х
Ціна 2.00
040 ## - Джерело каталогіз.
Служба первин.кат. укр.
041 ## - Код мови видання
Код мови оригіналу українська
Код мови тексту українська
080 ## - Індекс УДК
Індекс УДК 821(477)
090 ## - Шифри
Поличний індекс 821(477)
Авторський знак П 12
100 ## - Автор
Автор Павличко, Дмитро
245 ## - Назва
Назва Золоте ябко
Фізичний носій Текст
260 ## - Вихідні дані
Місце видання Київ
Видавництво Основи
Дата видання 1998
300 ## - Фізичний опис
Обсяг 207 с.
520 ## - Анотація
Анотація Збірка «Золоте ябко» вважається вагомою книгою у творчості поета, що досліджує глибинні людські почуття, поєднуючи еротизм із філософським роздумами. Деякі з віршів завдяки музиці О. Білаша стали піснями.
521 ## - Примітка про цільове призначення
Примітка про цільове призначення Для широкого кола читачів
546 ## - Примітка про мову
Примітка про мову укр.
650 ## - Тематичні рубрики
Основна рубрика Літературно-художне видання
Географічна підрубрика В Україні (часто узагальнено, як образ Батьківщини)
Хронологічна підрубрика Сучасність поета (кінець ХХ ст.) історичне минуле
653 ## - Ключові слова
Ключові слова Україна
-- Любов
-- Правда
-- Свобода
-- Пам’ять
655 ## - Термін індексування — жанр/форма
Жанр/форма Лірика (поезія) філософська, громадянська, інтимна лірика
Типове ділення Поезії
942 ## - ADDED ENTRY ELEMENTS (KOHA)
Джерело класифікації чи схема поличного розташування
Koha item type Книги
Фонди
Статус вилучення Статус втрати/відсутності Джерело класифікації чи схема поличного розташування Статус пошкодження Тип обігу (не для випозичання) Постійне розташування Поточне розташування Розташування у відділі Дата надходження Інвентарний номер Total Checkouts Повний (примірниковий) шифр зберігання Штрих-код Date last seen Дата, для якої чинна ціна заміни Тип одиниці (рівень примірника)
          Публічна бібліотека Публічна бібліотека Абонемент 17/04/2026 47860-2   821(477) 20147 17/04/2026 17/04/2026 Книги

Працює на АБІС Коха